Państwa, w których działa Allegro - Statystyki

Ogólne statystyki
  • Ten quiz został rozwiązany 36 razy
  • Średni wynik to 5 z 6
Statystyki odpowiedzi
Państwa % Poprawnych
Polska
97%
Czechy
91%
Węgry
91%
Słowacja
88%
Słowenia
65%
Chorwacja
62%
Nie znaleziono quizów pasujących do podanych kryteriów
Rozkład punktacji
Procent ludzi z każdym wynikiem
Percentyl według liczby udzielonych odpowiedzi
Twoja historia wyników
Nie rozwiązałeś tego quizu